| 000 | 00592nam a2200169 i 4500 | ||
|---|---|---|---|
| 001 | 130236 | ||
| 003 | ES-MaACL | ||
| 005 | 20230906193659.0 | ||
| 007 | t| | ||
| 008 | 070724s1907 sp ||||1| spa d | ||
| 100 | 1 |
_aZabala y Allende, Federico de. _9117793 |
|
| 245 | 1 | 3 |
_aEl consulado y las ordenanzas de comercio de Bilbao _b: con breves noticias históricas acerca del comercio de esta villa / _cFederico de Zabala y Allende. |
| 260 |
_aBilbao : _bLa Editorial Vizcaína, _c1907. |
||
| 300 |
_a125 p. ; _c23 cm. |
||
| 651 | 4 |
_aBilbao- _xHistoria. _97881 |
|
| 852 |
_aES-MaACL _jT-1125-F-6 |
||
| 999 |
_c130236 _d130236 |
||